| 000 | 00425nam a2200181 4500 | ||
|---|---|---|---|
| 001 | 42762 | ||
| 090 | _a42762 | ||
| 100 | _a20240226 pory50 | ||
| 101 |
_apor _aing |
||
| 102 | _aPT | ||
| 200 | _aDicionário Português - Inglês | ||
| 205 | _bNova ed. | ||
| 210 |
_aPorto _cPorto editora _d[D.l. 2004] |
||
| 215 | _a699, [2] p. | ||
| 225 | _aDicionários académicos | ||
| 675 | _a(038) | ||
| 801 |
_aPT _gRPC |
||
| 990 | _cLIVROS | ||